<?xml version="1.0" encoding="UTF-8"?><?xml-stylesheet type="text/xsl" href="static/style.xsl"?><OAI-PMH xmlns="http://www.openarchives.org/OAI/2.0/" xmlns:xsi="http://www.w3.org/2001/XMLSchema-instance" xsi:schemaLocation="http://www.openarchives.org/OAI/2.0/ http://www.openarchives.org/OAI/2.0/OAI-PMH.xsd"><responseDate>2026-04-27T21:35:57Z</responseDate><request verb="GetRecord" identifier="oai:uvadoc.uva.es:10324/15514" metadataPrefix="marc">https://uvadoc.uva.es/oai/request</request><GetRecord><record><header><identifier>oai:uvadoc.uva.es:10324/15514</identifier><datestamp>2021-06-29T12:18:43Z</datestamp><setSpec>com_10324_38</setSpec><setSpec>col_10324_852</setSpec></header><metadata><record xmlns="http://www.loc.gov/MARC21/slim" xmlns:doc="http://www.lyncode.com/xoai" xmlns:xsi="http://www.w3.org/2001/XMLSchema-instance" xmlns:dcterms="http://purl.org/dc/terms/" xsi:schemaLocation="http://www.loc.gov/MARC21/slim http://www.loc.gov/standards/marcxml/schema/MARC21slim.xsd">
<leader>00925njm 22002777a 4500</leader>
<datafield tag="042" ind1=" " ind2=" ">
<subfield code="a">dc</subfield>
</datafield>
<datafield tag="720" ind1=" " ind2=" ">
<subfield code="a">Muñoz Pérez, Ignacio</subfield>
<subfield code="e">author</subfield>
</datafield>
<datafield tag="260" ind1=" " ind2=" ">
<subfield code="c">2015</subfield>
</datafield>
<datafield tag="520" ind1=" " ind2=" ">
<subfield code="a">Este proyecto incluye información sobre los inicios teóricos de la retórica y su desarrollo hasta la actualidad. Incluye la explicación actual de retórica, los diferentes tipos de discurso, la estructura misma del discurso, una breve interpretación de las teorías sobre las figuras retóricas presentes en el libro de Heinrich F. Plett titulado Literary Rhetoric; Concepts – Structures – Analyses (2010), y las teorías sobre la relación entre retórica y traducción de varios autores recogidas e interpretadas por Carlos Moreno Hernández en su libro Retórica y traducción (2010). Tras la teoría, se incluye una recopilación de poemas de origen británico junto con traducciones al español. Se trata de comprobar qué técnicas emplean y si logran replicar tanto sentido como rima métrica y ritmo. Finalmente, en las últimas secciones se incorporan los resultados y conclusiones, sacadas de la teoría y las traducciones, sobre qué hace buena a una traducción poética.</subfield>
</datafield>
<datafield tag="024" ind2=" " ind1="8">
<subfield code="a">http://uvadoc.uva.es/handle/10324/15514</subfield>
</datafield>
<datafield ind1=" " ind2=" " tag="653">
<subfield code="a">Traducción literaria</subfield>
</datafield>
<datafield ind1=" " ind2=" " tag="653">
<subfield code="a">Traducción e interpretación</subfield>
</datafield>
<datafield tag="245" ind1="0" ind2="0">
<subfield code="a">Retórica y traducción poética</subfield>
</datafield>
</record></metadata></record></GetRecord></OAI-PMH>